| Tag |
First Indicator |
Second Indicator |
Subfields |
| LEADER |
00000cam a2200000 a 4500 |
| 001 |
in00000069632 |
| 005 |
20151008054522.0 |
| 008 |
720112s1967 coua b 00000 eng d |
| 035 |
|
|
|a (OCoLC)00203789
|
| 035 |
|
|
|9 AAJ0899AM
|
| 040 |
|
|
|c KSU
|d m.c.
|d OCL
|d TXA
|d UtOrBLW
|
| 043 |
|
|
|a n-us---
|
| 049 |
|
|
|a TXAM
|c [1406833]
|
| 090 |
|
|
|a LB2165
|b .U5
|
| 110 |
2 |
|
|a Tri-University Project in Elementary Education (U.S.)
|n (1st :
|d 1967 :
|c Denver, Colo.)
|
| 245 |
1 |
4 |
|a The craft of teaching and the schooling of teachers.
|
| 264 |
|
1 |
|a Denver, Colo.,
|b [publisher not identified] ;
|c [1967?]
|
| 300 |
|
|
|a f, xxv, 179 pages :
|b illustrations ;
|c 28 cm.
|
| 336 |
|
|
|a text
|b txt
|2 rdacontent
|
| 337 |
|
|
|a unmediated
|b n
|2 rdamedia
|
| 338 |
|
|
|a volume
|b nc
|2 rdacarrier
|
| 500 |
|
|
|a Held September 18th to 20th in Denver.
|
| 500 |
|
|
|a Includes bibliographies.
|
| 650 |
|
0 |
|a Teachers
|x Training of
|z United States.
|
| 710 |
1 |
|
|a United States.
|b Office of Education.
|
| 999 |
|
|
|a MARS
|
| 999 |
f |
f |
|s e8dcf598-c986-3252-b688-bc5bf5b8bb8b
|i f587f19e-a5ba-34d6-9d35-5c47b17d51b5
|t 0
|
| 952 |
f |
f |
|p normal
|a Texas A&M University
|b College Station
|c Sterling C. Evans Library
|d Evans: Library Stacks
|t 0
|e LB2165 .U5
|h Library of Congress classification
|i unmediated -- volume
|m A14806161241
|
| 998 |
f |
f |
|a LB2165 .U5
|t 0
|l Evans: Library Stacks
|